Statistics for Countries Voting Against Condemning Myanmar

Click here to take the quiz!

General Stats

  • This quiz has been taken 76 times
  • The average score is 6 of 10

Answer Stats

HintAnswer% Correct
3China
100%
7Russia
87%
4Laos
79%
9Vietnam
79%
2Cambodia
76%
1Belarus
51%
8Syria
48%
6Philippines
43%
5Myanmar
42%
10Zimbabwe
30%

Score Distribution

Percentile by Number Answered

Percent of People with Each Score

Your Score History

You have not taken this quiz